| 000 | 00423nam a2200193Ia 4500 | ||
|---|---|---|---|
| 003 | 0100 | ||
| 008 | 130303s9999 xx 000 0 und d | ||
| 040 | _cARRUPELIB | ||
| 050 | _aJA66.S35 | ||
| 100 | _aSchmandt, Henry J | ||
| 245 | _aFundamentals of government | ||
| 260 | _aMilwaukee | ||
| 260 | _bBruce | ||
| 260 | _C1954 | ||
| 300 | _a507p. | ||
| 300 | _b 23cm. | ||
| 700 | _aHenry J. Schmandt | ||
| 942 | 0 | 0 | _012 |
| 999 |
_c53075 _d53075 |
||